Novak Djokovic - Route to the 2015 Australian Open Trophy - Statistics

General Stats
  • This quiz has been taken 9 times
  • The average score is 5 of 7
Answer Stats
Round Result Country Answer % Correct
F 3:1 (7:6,6:7,6:3,6:0) United Kingdom Andy Murray
100%
SF 3:2 (7:6,3:6,6:4,4:6,6:0) Switzerland Stanislas Wawrinka
100%
QF 3:0 (7:6,6:4,6:2) Canada Miloš Raonić
89%
R32 3:0 (7:6,6:3,6:4) Spain Fernando Verdasco
67%
R16 3:0 (6:4,7:5,7:5) Luxembourg Gilles Muller
56%
R128 3:0 (6:3,6:2,6:4) Slovenia Aljaž Bedene
44%
R64 3:0 (6:0,6:1,6:4) Russia Alex Kuznetsov
11%
No matching quizzes found
Score Distribution
Percent of People with Each Score
Percentile by Number Answered
Your Score History
You have not taken this quiz